| 000 | 00549nam a2200169 i 4500 | ||
|---|---|---|---|
| 001 | 68140 | ||
| 003 | ES-MaACL | ||
| 005 | 20230906170218.0 | ||
| 007 | t| | ||
| 008 | 040610s1933 sp ||||1| spa d | ||
| 100 | 1 |
_aGárate, Justo. _953923 |
|
| 245 | 1 | 0 |
_aG. de Humboldt _b: estudio de sus trabajos sobre vasconia / _cJusto Gárate. |
| 260 |
_aBilbao : _bJunta de Cultura Vasca, _c1933 ( _fImp. Provincial) |
||
| 300 |
_aXV, 222 p., 2 lám., 1 map. pleg. : _bil. ; _c25 cm. |
||
| 600 | 1 | 4 |
_aHumboldt, Wilhelm von. _964716 |
| 852 |
_aES-MaACL _jA-1870 |
||
| 999 |
_c68140 _d68140 |
||